İstanbul (Record no. 11485)
[ view plain ]
| 000 -BAŞLIK | |
|---|---|
| Sabit Uzunlukta Kontrol Alanı | 01238na a2200349 4500 |
| 001 - KONTROL NUMARASI | |
| Denetim Alanı | 22008 |
| 003 - KONTROL NUMARASI IDENTIFIER | |
| Denetim Alanı | MIRAKIL |
| 005 - SON İŞLEM TARİHİ VE ZAMANI | |
| Denetim Alanı | 20181226092846.0 |
| 008 - SABİT-BOY VERİ ELEMANLARI - GENEL BİLGİLER | |
| Sabit Uzunlukta Kontrol Alanı | 170210b tu n0 0 0 |
| 022 ## - ULUSLARARASI STANDART SERİ NUMARASI | |
| Uluslararası Standart Süreli Yayın Numarası | 1302-8251 |
| 035 ## - SİSTEM KONTROL NUMARASI | |
| Sistem Kontrol Numarası | 22008 |
| 040 ## - KATALOGLAMA KAYNAK | |
| Orijinal Kataloglama Ajansı | Milas |
| Kataloglama Dili | tur |
| Metne Dönüştürmek Ajansı | TR-AnCHP |
| 041 ## - DİL KODU | |
| Metin / Ses Parça Veya Ayrı Başlığın Dil Kodu | tur |
| 090 ## - SINIFLAMA NUMARASI | |
| Sınıflama Numarası | HALKEVLERİ 050 DER 65 |
| 245 ## - BAŞLIK TABLOSU | |
| Başlık | İstanbul |
| Başlığın Kalan | kültür dergisi |
| -- | İstanbul Halkevleri Dergisi |
| Sorumluluk Tablosu, Vb | [İstanbul Halkevleri] |
| 246 ## - UNVAN FORM VARYING | |
| Başlık Doğru / Kısa Başlığı | İstanbul Halkevleri Dergisi |
| 246 ## - UNVAN FORM VARYING | |
| Başlık Doğru / Kısa Başlığı | İstanbul kültür dergisi |
| 260 ## - YAYIN, DAĞITIM, VB | |
| Yayın, Dağıtım, Vb Yeri | İstanbul |
| Yayıncı, Dağıtıcı, Vs Adı | İstanbul Halkevi |
| Yayın, Dağıtım, Vb Tarihi | 1943- |
| 300 ## - FİZİKSEL TANIM | |
| Kapsam | c. |
| Diğer Fiziksel Ayrıntıları | res. |
| Boyutlar | 30 sm. |
| 321 ## - ESKİ YAYIN FREKANSI | |
| Eski Yayın Frekansı | Aylık |
| -- | 1947 |
| 321 ## - ESKİ YAYIN FREKANSI | |
| Eski Yayın Frekansı | 2 aylık |
| -- | 1943-1946 |
| 362 ## - YAYIN VE / VEYA SIRALI GÖREVLENDİRİLMESİNE TARİHLERİ | |
| Yayın Ve / Veya Ardışık Kullanım Amacı Tarihleri | cilt 1, sayı 10 (16 Nisan 1944) - |
| 500 ## - GENEL NOT | |
| Genel Not | Mevcut sayılar: (10) 15 Nisan 1944; (11) 1 Mayıs 1944; (23) 1 Kasım 1944; (27) 1 Ocak 1945; (35) 1 Mayıs 1945; (47) 1 Kasım 1945; (60) 15 Mayıs 1946; (32) 15 Haziran 1946 |
| 610 ## - KONU KATMA GİRİŞ - TOPLANTI ADI | |
| Giriş Elemanı Olarak Kurumsal Ad Veya Yargı Alanı Adı | İstanbul Halkevleri |
| Biçim Alt Bölümü | Süreli yayınlar |
| 650 ## - KONU KATMA GİRİŞ - TOPİKAL DÖNEM | |
| Topikal Süreli Veya Coğrafi Ad Giriş Elemanı | Halkevleri |
| Form Alt Bölümü | Süreli yayınlar |
| Coğrafi Alt Bölümü | İstanbul |
| 651 ## - KONU KATMA GİRİŞ - COĞRAFİ ADI | |
| Coğrafi İsim | Türkiye |
| Genel Alt Bölümü | Siyaset ve yönetim |
| Kronolojik Alt Bölümü | Süreli yayınlar |
| 710 ## - KATMA GİRİŞ - KURUMSAL ADI | |
| Giriş Elemanı Olarak Kurumsal Ad Veya Yargı Alanı Adı | İstanbul Halkevleri |
| 910 ## - KULLANICI SEÇENEK, VERİLERİN (OCLC) | |
| Kullanıcı Seçenek Veri | Halkevleri DERGİ 65 |
| 942 ## - EKLENDİ GİRİŞ ELEMANLARI (KOHA) | |
| Sınıflandırma Veya Raf Düzeni Kaynak | Dewey Decimal Classification |
| Koha Öğesi Türü | Serials |
| 999 ## - SİSTEM KONTROL NUMARALARI (KOHA) | |
| Koha Biblionumber | 11485 |
| Koha Biblioitemnumber | 11485 |
| 310 ## - MEVCUT YAYIN FREKANSI | |
| Güncel Yayın Frekansı | Üç ayda bir |
| Geçerli Yayın Frekansının Tarihi | (1948- |
| 655 ## - INDEX DÖNEM - TÜR / FORMU | |
| -- | Dergi |
| Kullanım Kısıtlamaları | Kalıcı Konum | Mevcut Konum | Edinme Tarihi | Kodlu Konum Eleme | Toplam Check-Out'Lar | Tam Çağrı Numarası | Barkod | Tarih Son Görülme | İtibaren Geçerli Fiyatlar | Sigara Kamu Notu | Koha Öğesi Türü |
|---|---|---|---|---|---|---|---|---|---|---|---|
| Kütüphane dışına çıkarılamaz | CHP Kütüphanesi | CHP Kütüphanesi | 02/09/2017 | SÜRELİ YAYINLAR-Halkevleri | 050 DER 139 | D065 | 02/09/2017 | 02/09/2017 | Serials |
